000 00537nam a2200157 i 4500
001 135592
003 ES-MaACL
005 20230906194919.0
007 t|
008 070720s1923 sp ||||1| spa d
100 1 _aTorrejón y Boneta, Angel de.
_9110812
245 1 0 _aBodegas industriales
_b: estudio especial relativo a la instalación y organización de bodegas cooperativas /
_cAngel de Torrejón y Boneta.
260 _aMadrid :
_b[s.n.],
_c1923 (
_fImp. Helénica)
300 _a118 p. ;
_c22 cm.
852 _aES-MaACL
_j1701-F-13
999 _c135592
_d135592